000 00953nam a2200241 a 4500
001 BRL_1495
005 20190320211232.0
008 280114s1985----mx-ao#####---#000-0#spa-#
041 _aspa
044 _amx
050 4 _aGV1628.S26
_b.D36 1985
245 1 0 _aDanza de las varitas
_bTzineja, Huehuetlan, S.L.P y Zoquiyipa, Tamazunchale, S.L.P. : antecedentes históricos, constantes prehispanicos y estado actual de la danza.
260 _aMéxico
_bGobierno del Estado de San Luis Potosi : Museo Nacional de la Mascara : FONADAN
_c1985
300 _a134 p.
_bil., fotografía (a color)
_c22 cm.
500 _aAu1771
504 _aBibliografía: p. 127
650 1 4 _aDanzas populares y nacionales
_zSan Luis Potosí
_927096
650 1 4 _aIndígenas de México
_xDanzas
_927097
710 2 _aMuseo Nacional de la máscara
_927098
710 2 _aFondo Nacional para el Desarrollo de la Danza Popular Mexicana
_927099
902 _aGRL
942 _2lcc
_cB
999 _c10305
_d10305